NBA Players by Picture - Russia - Statistics

General Stats
  • This quiz has been taken 15 times
    6 since last reset
  • The average score is 4 of 12
Answer Stats
Picture Answer % Correct
Andrei Kirilenko
83%
Egor Demin
83%
Timofey Mozgov
67%
Alexey Shved
33%
Joel Bolomboy
17%
Pavel Podkolzin
17%
Sasha Kaun
17%
Sergei Monia
17%
Sergey Karasev
17%
Victor Khryapa
17%
Vladislav Goldin
17%
Yaroslav Korolev
17%
No matching quizzes found
Score Distribution
Percent of People with Each Score
Percentile by Number Answered
Your Score History
You have not taken this quiz since the last reset